<?xml version="1.0" encoding="UTF-8"?>
<record
    xmlns:xsi="http://www.w3.org/2001/XMLSchema-instance"
    xsi:schemaLocation="http://www.loc.gov/MARC21/slim http://www.loc.gov/standards/marcxml/schema/MARC21slim.xsd"
    xmlns="http://www.loc.gov/MARC21/slim">

  <leader>05838namaa22004451i 4500</leader>
  <controlfield tag="003">EG-GICUC</controlfield>
  <controlfield tag="005">20260426134112.0</controlfield>
  <controlfield tag="008">260426s2025    ua a|||frm||| 000 0 eng d</controlfield>
  <datafield tag="040" ind1=" " ind2=" ">
    <subfield code="a">EG-GICUC</subfield>
    <subfield code="b">eng</subfield>
    <subfield code="c">EG-GICUC</subfield>
    <subfield code="d">EG-GICUC</subfield>
    <subfield code="e">rda</subfield>
  </datafield>
  <datafield tag="041" ind1="0" ind2=" ">
    <subfield code="a">eng</subfield>
    <subfield code="b">eng</subfield>
    <subfield code="b">ara</subfield>
  </datafield>
  <datafield tag="049" ind1=" " ind2=" ">
    <subfield code="a">Deposit</subfield>
  </datafield>
  <datafield tag="082" ind1="0" ind2="4">
    <subfield code="a">615.19</subfield>
  </datafield>
  <datafield tag="092" ind1=" " ind2=" ">
    <subfield code="a">615.19</subfield>
    <subfield code="2">21</subfield>
  </datafield>
  <datafield tag="097" ind1=" " ind2=" ">
    <subfield code="a">Ph.D</subfield>
  </datafield>
  <datafield tag="099" ind1=" " ind2=" ">
    <subfield code="a">Cai01.08.06.Ph.D.025.Mo.C</subfield>
  </datafield>
  <datafield tag="100" ind1="0" ind2=" ">
    <subfield code="a">Abdelrahman Magdy Allam, </subfield>
    <subfield code="e">preparation.</subfield>
  </datafield>
  <datafield tag="245" ind1="1" ind2="2">
    <subfield code="a">A contribution to the validated analyses of some anti-diabetic and cardiovascular drugs that require therapeutic monitoring /</subfield>
    <subfield code="c">by Abdelrahman Magdy Allam ; Supervision Prof. Dr. Azza Aziz Mohamed Moustafa, Prof. Dr.Shereen Ahmed Boltia, Prof. Dr. / Sally Saad El-Din El-Mosallamy. </subfield>
  </datafield>
  <datafield tag="246" ind1="1" ind2="5">
    <subfield code="a">&#x645;&#x633;&#x627;&#x647;&#x645;&#x629; &#x644;&#x62A;&#x62D;&#x627;&#x644;&#x64A;&#x644; &#x645;&#x62D;&#x642;&#x642;&#x629; &#x627;&#x644;&#x62F;&#x642;&#x629; &#x644;&#x628;&#x639;&#x636; &#x623;&#x62F;&#x648;&#x64A;&#x629; &#x62F;&#x627;&#x621; &#x627;&#x644;&#x633;&#x643;&#x631;&#x64A; &#x648;&#x627;&#x644;&#x642;&#x644;&#x628; &#x648;&#x627;&#x644;&#x623;&#x648;&#x639;&#x64A;&#x629; &#x627;&#x644;&#x62F;&#x645;&#x648;&#x64A;&#x629; &#x627;&#x644;&#x62A;&#x64A; &#x62A;&#x62D;&#x62A;&#x627;&#x62C; &#x625;&#x644;&#x649; &#x645;&#x631;&#x627;&#x642;&#x628;&#x629; &#x639;&#x644;&#x627;&#x62C;&#x64A;&#x629;</subfield>
  </datafield>
  <datafield tag="264" ind1=" " ind2="0">
    <subfield code="c">2025.</subfield>
  </datafield>
  <datafield tag="300" ind1=" " ind2=" ">
    <subfield code="a">96 pages :</subfield>
    <subfield code="b">illustrations ;</subfield>
    <subfield code="c">25 cm. + </subfield>
    <subfield code="e">CD.</subfield>
  </datafield>
  <datafield tag="336" ind1=" " ind2=" ">
    <subfield code="a">text</subfield>
    <subfield code="2">rda content</subfield>
  </datafield>
  <datafield tag="337" ind1=" " ind2=" ">
    <subfield code="a">Unmediated</subfield>
    <subfield code="2">rdamedia</subfield>
  </datafield>
  <datafield tag="338" ind1=" " ind2=" ">
    <subfield code="a">volume</subfield>
    <subfield code="2">rdacarrier</subfield>
  </datafield>
  <datafield tag="502" ind1=" " ind2=" ">
    <subfield code="a">Thesis (Ph.D)-Cairo University, 2025.</subfield>
  </datafield>
  <datafield tag="504" ind1=" " ind2=" ">
    <subfield code="a">Bibliography: pages 60-61.</subfield>
  </datafield>
  <datafield tag="520" ind1=" " ind2="3">
    <subfield code="a">This thesis is concerned with the development of various analytical methods for the determination of selected active pharmaceutical ingredients that require therapeutic drug monitoring relevant with a particular focus on applications in point of care testing. The work includes the design of a green solid-state electrochemical sensor for the determination of vildagliptin, a photonic sensor based on a porous silicon platform for the sensitive and selective detection of ticagrelor, and a blue-shifted carbon dots-based fluorimetric probe for the quantification of ticagrelor.
The aim of this study is to establish methods that are simple, sensitive, and selective, enabling rapid, on-site analysis of the targeted drugs in pure powder, pharmaceutical preparations, and/or spiked biological matrices.
This thesis is divided into four chapters in addition to summaries in English and Arabic:
Chapter I: General Introduction and Literature Review.

Chapter II: Optimization and Evaluation of Potentiometric Sensing Membranes for Vildagliptin Determination: A Sustainable Approach Incorporating Whiteness and Greenness Assessment
Chapter III: Photonic Sensor for Selective Ticagrelor Detection Based on Porous Silicon Fabry- P&#xE9;rot Interferometer Modified with Molecularly Imprinted Co- polymer
Chapter IV: Blue Shifted Carbon Dots-Based Fluorescent Probe for
Determination of Ticagrelor: A Dual Method Evaluation via AGREE and BAGI.
Chapter V: General Conclusion</subfield>
  </datafield>
  <datafield tag="520" ind1=" " ind2="3">
    <subfield code="a">&#x62A;&#x62A;&#x646;&#x627;&#x648;&#x644; &#x647;&#x630;&#x647; &#x627;&#x644;&#x631;&#x633;&#x627;&#x644;&#x629; &#x62A;&#x637;&#x648;&#x64A;&#x631; &#x639;&#x62F;&#x62F; &#x645;&#x646; &#x627;&#x644;&#x637;&#x631;&#x642; &#x627;&#x644;&#x62A;&#x62D;&#x644;&#x64A;&#x644;&#x64A;&#x629; &#x644;&#x62A;&#x642;&#x62F;&#x64A;&#x631; &#x628;&#x639;&#x636; &#x627;&#x644;&#x645;&#x648;&#x627;&#x62F; &#x627;&#x644;&#x62F;&#x648;&#x627;&#x626;&#x64A;&#x629; &#x627;&#x644;&#x641;&#x639;&#x651;&#x627;&#x644;&#x629; &#x627;&#x644;&#x62A;&#x64A; &#x62A;&#x62A;&#x637;&#x644;&#x628; &#x645;&#x631;&#x627;&#x642;&#x628;&#x629; &#x62F;&#x648;&#x627;&#x626;&#x64A;&#x629; &#x639;&#x644;&#x627;&#x62C;&#x64A;&#x629;&#x60C; &#x645;&#x639; &#x62A;&#x631;&#x643;&#x64A;&#x632; &#x62E;&#x627;&#x635; &#x639;&#x644;&#x649; &#x627;&#x644;&#x62A;&#x637;&#x628;&#x64A;&#x642;&#x627;&#x62A; &#x627;&#x644;&#x645;&#x631;&#x62A;&#x628;&#x637;&#x629; &#x628;&#x627;&#x644;&#x641;&#x62D;&#x635; &#x641;&#x64A; &#x646;&#x642;&#x627;&#x637; &#x627;&#x644;&#x631;&#x639;&#x627;&#x64A;&#x629; &#x648;&#x62A;&#x634;&#x645;&#x644; &#x647;&#x630;&#x647; &#x627;&#x644;&#x62F;&#x631;&#x627;&#x633;&#x629; &#x62A;&#x635;&#x645;&#x64A;&#x645; &#x62D;&#x633;&#x627;&#x633; &#x643;&#x647;&#x631;&#x648;&#x643;&#x64A;&#x645;&#x64A;&#x627;&#x626;&#x64A; &#x635;&#x644;&#x628; &#x635;&#x62F;&#x64A;&#x642; &#x644;&#x644;&#x628;&#x64A;&#x626;&#x629; &#x644;&#x62A;&#x642;&#x62F;&#x64A;&#x631; &#x627;&#x644;&#x641;&#x64A;&#x644;&#x62F;&#x627;&#x63A;&#x644;&#x628;&#x62A;&#x64A;&#x646;&#x60C; &#x648;&#x62D;&#x633;&#x627;&#x633; &#x641;&#x648;&#x62A;&#x648;&#x646;&#x64A; &#x64A;&#x639;&#x62A;&#x645;&#x62F; &#x639;&#x644;&#x649; &#x645;&#x646;&#x635;&#x629; &#x627;&#x644;&#x633;&#x64A;&#x644;&#x64A;&#x643;&#x648;&#x646; &#x627;&#x644;&#x645;&#x633;&#x627;&#x645;&#x64A; &#x644;&#x644;&#x643;&#x634;&#x641; &#x627;&#x644;&#x62D;&#x633;&#x627;&#x633; &#x648;&#x627;&#x644;&#x627;&#x646;&#x62A;&#x642;&#x627;&#x626;&#x64A; &#x639;&#x646; &#x627;&#x644;&#x62A;&#x64A;&#x643;&#x627;&#x63A;&#x631;&#x64A;&#x644;&#x648;&#x631;&#x60C; &#x628;&#x627;&#x644;&#x625;&#x636;&#x627;&#x641;&#x629; &#x625;&#x644;&#x649; &#x645;&#x633;&#x628;&#x627;&#x631; &#x630;&#x627;&#x62A; &#x627;&#x646;&#x628;&#x639;&#x627;&#x62B; &#x645;&#x639;&#x62A;&#x645;&#x62F; &#x639;&#x644;&#x649; &#x627;&#x644;&#x646;&#x642;&#x627;&#x637; &#x627;&#x644;&#x643;&#x631;&#x628;&#x648;&#x646;&#x64A;&#x629; &#x632;&#x631;&#x642;&#x627;&#x621; &#x627;&#x644;&#x625;&#x632;&#x627;&#x62D;&#x629; &#x648;&#x64A;&#x647;&#x62F;&#x641; &#x647;&#x630;&#x627; &#x627;&#x644;&#x639;&#x645;&#x644; &#x625;&#x644;&#x649; &#x62A;&#x637;&#x648;&#x64A;&#x631; &#x637;&#x631;&#x642; &#x62A;&#x62D;&#x644;&#x64A;&#x644;&#x64A;&#x629; &#x628;&#x633;&#x64A;&#x637;&#x629; &#x648;&#x62D;&#x633;&#x627;&#x633;&#x629; &#x648;&#x627;&#x646;&#x62A;&#x642;&#x627;&#x626;&#x64A;&#x629; &#x62A;&#x645;&#x643;&#x651;&#x646; &#x645;&#x646; &#x625;&#x62C;&#x631;&#x627;&#x621; &#x627;&#x644;&#x62A;&#x62D;&#x644;&#x64A;&#x644; &#x627;&#x644;&#x633;&#x631;&#x64A;&#x639; &#x641;&#x64A; &#x645;&#x648;&#x642;&#x639; &#x627;&#x644;&#x627;&#x62E;&#x62A;&#x628;&#x627;&#x631; &#x644;&#x644;&#x623;&#x62F;&#x648;&#x64A;&#x629; &#x627;&#x644;&#x645;&#x633;&#x62A;&#x647;&#x62F;&#x641;&#x629; &#x633;&#x648;&#x627;&#x621; &#x641;&#x64A; &#x627;&#x644;&#x635;&#x648;&#x631;&#x629; &#x627;&#x644;&#x646;&#x642;&#x64A;&#x629;&#x60C; &#x623;&#x648; &#x641;&#x64A; &#x627;&#x644;&#x645;&#x633;&#x62A;&#x62D;&#x636;&#x631;&#x627;&#x62A; &#x627;&#x644;&#x635;&#x64A;&#x62F;&#x644;&#x627;&#x646;&#x64A;&#x629;&#x60C; &#x648;/&#x623;&#x648; &#x641;&#x64A; &#x627;&#x644;&#x639;&#x64A;&#x646;&#x627;&#x62A; &#x627;&#x644;&#x62D;&#x64A;&#x648;&#x64A;&#x629; &#x627;&#x644;&#x645;&#x62F;&#x639;&#x645;&#x629;.
&#x648;&#x62A;&#x646;&#x642;&#x633;&#x645; &#x647;&#x630;&#x647; &#x627;&#x644;&#x631;&#x633;&#x627;&#x644;&#x629; &#x625;&#x644;&#x649; &#x62E;&#x645;&#x633;&#x629; &#x641;&#x635;&#x648;&#x644; &#x628;&#x627;&#x644;&#x625;&#x636;&#x627;&#x641;&#x629; &#x625;&#x644;&#x649; &#x645;&#x644;&#x62E;&#x635;&#x64A;&#x646; &#x628;&#x627;&#x644;&#x644;&#x63A;&#x62A;&#x64A;&#x646; &#x627;&#x644;&#x639;&#x631;&#x628;&#x64A;&#x629; &#x648;&#x627;&#x644;&#x625;&#x646;&#x62C;&#x644;&#x64A;&#x632;&#x64A;&#x629;&#x60C; &#x648;&#x630;&#x644;&#x643; &#x639;&#x644;&#x649; &#x627;&#x644;&#x646;&#x62D;&#x648; &#x627;&#x644;&#x62A;&#x627;&#x644;&#x64A;:
&#x627;&#x644;&#x641;&#x635;&#x644; &#x627;&#x644;&#x623;&#x648;&#x644;: &#x645;&#x642;&#x62F;&#x645;&#x629; &#x639;&#x627;&#x645;&#x629; &#x648;&#x627;&#x633;&#x62A;&#x639;&#x631;&#x627;&#x636; &#x644;&#x644;&#x623;&#x62F;&#x628;&#x64A;&#x627;&#x62A; &#x627;&#x644;&#x639;&#x644;&#x645;&#x64A;&#x629;.
&#x627;&#x644;&#x641;&#x635;&#x644; &#x627;&#x644;&#x62B;&#x627;&#x646;&#x64A;: &#x62A;&#x62D;&#x633;&#x64A;&#x646; &#x648;&#x62A;&#x642;&#x64A;&#x64A;&#x645; &#x623;&#x63A;&#x634;&#x64A;&#x629; &#x627;&#x644;&#x627;&#x633;&#x62A;&#x634;&#x639;&#x627;&#x631; &#x627;&#x644;&#x62C;&#x647;&#x62F;&#x64A; &#x644;&#x62A;&#x642;&#x62F;&#x64A;&#x631; &#x641;&#x64A;&#x644;&#x62F;&#x627;&#x62C;&#x644;&#x64A;&#x628;&#x62A;&#x64A;&#x646;: &#x646;&#x647;&#x62C; &#x645;&#x633;&#x62A;&#x62F;&#x627;&#x645; &#x64A;&#x62A;&#x636;&#x645;&#x646; &#x62A;&#x642;&#x64A;&#x64A;&#x645; &#x627;&#x644;&#x625;&#x633;&#x62A;&#x62F;&#x627;&#x645;&#x629; &#x648;&#x627;&#x644;&#x635;&#x62F;&#x627;&#x642;&#x629; &#x627;&#x644;&#x628;&#x64A;&#x626;&#x64A;&#x629;.
&#x627;&#x644;&#x641;&#x635;&#x644; &#x627;&#x644;&#x62B;&#x627;&#x644;&#x62B;: &#x62A;&#x637;&#x648;&#x64A;&#x631; &#x62D;&#x633;&#x627;&#x633; &#x628;&#x635;&#x631;&#x64A; &#x641;&#x648;&#x62A;&#x648;&#x646;&#x64A; &#x644;&#x62A;&#x642;&#x62F;&#x64A;&#x631; &#x62A;&#x64A;&#x643;&#x627;&#x62C;&#x631;&#x64A;&#x644;&#x648;&#x631; &#x628;&#x627;&#x633;&#x62A;&#x62E;&#x62F;&#x627;&#x645; &#x628;&#x648;&#x644;&#x64A;&#x645;&#x631; &#x645;&#x637;&#x628;&#x648;&#x639; &#x62C;&#x632;&#x64A;&#x626;&#x64A;&#x64B;&#x627; &#x639;&#x644;&#x649; &#x633;&#x637;&#x62D; &#x627;&#x644;&#x633;&#x64A;&#x644;&#x64A;&#x643;&#x648;&#x646; &#x627;&#x644;&#x645;&#x633;&#x627;&#x645;&#x64A;.
&#x627;&#x644;&#x641;&#x635;&#x644; &#x627;&#x644;&#x631;&#x627;&#x628;&#x639;: &#x645;&#x633;&#x628;&#x627;&#x631; &#x630;&#x627;&#x62A; &#x627;&#x646;&#x628;&#x639;&#x627;&#x62B; &#x644;&#x635;&#x641;&#x64A; &#x645;&#x639;&#x62A;&#x645;&#x62F; &#x639;&#x644;&#x649; &#x627;&#x644;&#x646;&#x642;&#x627;&#x637; &#x627;&#x644;&#x643;&#x631;&#x628;&#x648;&#x646;&#x64A;&#x629; &#x632;&#x631;&#x642;&#x627;&#x621; &#x627;&#x644;&#x625;&#x632;&#x627;&#x62D;&#x629; &#x644;&#x62A;&#x642;&#x62F;&#x64A;&#x631; &#x627;&#x644;&#x62A;&#x64A;&#x643;&#x627;&#x62C;&#x631;&#x64A;&#x644;&#x648;&#x631;: &#x62A;&#x642;&#x64A;&#x64A;&#x645; &#x645;&#x632;&#x62F;&#x648;&#x62C; &#x628;&#x627;&#x633;&#x62A;&#x62E;&#x62F;&#x627;&#x645; &#x623;&#x62F;&#x627;&#x629; &#x62A;&#x642;&#x64A;&#x64A;&#x645; &#x627;&#x644;&#x643;&#x64A;&#x645;&#x64A;&#x627;&#x621; &#x627;&#x644;&#x62A;&#x62D;&#x644;&#x64A;&#x644;&#x64A;&#x629; &#x627;&#x644;&#x62E;&#x636;&#x631;&#x627;&#x621; &#x648;&#x645;&#x624;&#x634;&#x631; &#x627;&#x644;&#x632;&#x631;&#x642;&#x629;.
&#x627;&#x644;&#x641;&#x635;&#x644; &#x627;&#x644;&#x62E;&#x627;&#x645;&#x633;: &#x627;&#x644;&#x62E;&#x644;&#x627;&#x635;&#x629; &#x627;&#x644;&#x639;&#x627;&#x645;&#x629;.</subfield>
  </datafield>
  <datafield tag="530" ind1=" " ind2=" ">
    <subfield code="a">Issues also as CD.</subfield>
  </datafield>
  <datafield tag="546" ind1=" " ind2=" ">
    <subfield code="a">Text in English and abstract in Arabic &amp; English.</subfield>
  </datafield>
  <datafield tag="650" ind1=" " ind2="0">
    <subfield code="a">Pharmaceutical Anaytical Chemistry</subfield>
  </datafield>
  <datafield tag="650" ind1=" " ind2="0">
    <subfield code="a">&#x627;&#x644;&#x643;&#x64A;&#x645;&#x64A;&#x627;&#x621; &#x627;&#x644;&#x62A;&#x62D;&#x644;&#x64A;&#x644;&#x64A;&#x629; &#x627;&#x644;&#x635;&#x64A;&#x62F;&#x644;&#x64A;&#x629;</subfield>
  </datafield>
  <datafield tag="653" ind1=" " ind2="1">
    <subfield code="a">Ticagrelor</subfield>
    <subfield code="a">Vildagliptin</subfield>
    <subfield code="a">Ion selective electrode</subfield>
    <subfield code="a">Photonic optical sensor</subfield>
    <subfield code="a">Carbon quantum dots</subfield>
    <subfield code="a">&#x62A;&#x64A;&#x643;&#x627;&#x62C;&#x631;&#x64A;&#x644;&#x648;&#x631;</subfield>
    <subfield code="a">&#x641;&#x64A;&#x644;&#x62F;&#x627;&#x62C;&#x644;&#x64A;&#x628;&#x62A;&#x64A;&#x646;</subfield>
  </datafield>
  <datafield tag="700" ind1="0" ind2=" ">
    <subfield code="a">Azza Aziz Mohamed Moustafa</subfield>
    <subfield code="e">thesis advisor.</subfield>
  </datafield>
  <datafield tag="700" ind1="0" ind2=" ">
    <subfield code="a">Shereen Ahmed Boltia</subfield>
    <subfield code="e">thesis advisor.</subfield>
  </datafield>
  <datafield tag="700" ind1="0" ind2=" ">
    <subfield code="a">Sally Saad El-Din El-Mosallamy</subfield>
    <subfield code="e">thesis advisor.</subfield>
  </datafield>
  <datafield tag="900" ind1=" " ind2=" ">
    <subfield code="b">01-01-2025</subfield>
    <subfield code="c">Azza Aziz Mohamed Moustafa</subfield>
    <subfield code="c">Shereen Ahmed Boltia</subfield>
    <subfield code="c">Sally Saad El-Din El-Mosallamy</subfield>
    <subfield code="U">Cairo University</subfield>
    <subfield code="F"> Faculty of Pharmacy</subfield>
    <subfield code="D">Department of Pharmaceutical Anaytical Chemistry </subfield>
  </datafield>
  <datafield tag="905" ind1=" " ind2=" ">
    <subfield code="a">Shimaa</subfield>
  </datafield>
  <datafield tag="942" ind1=" " ind2=" ">
    <subfield code="2">ddc</subfield>
    <subfield code="c">TH</subfield>
    <subfield code="e">21</subfield>
    <subfield code="n">0</subfield>
  </datafield>
  <datafield tag="999" ind1=" " ind2=" ">
    <subfield code="c">179737</subfield>
  </datafield>
  <datafield tag="952" ind1=" " ind2=" ">
    <subfield code="2">ddc</subfield>
    <subfield code="9">317191</subfield>
    <subfield code="a">CUCL</subfield>
    <subfield code="b">cl210</subfield>
    <subfield code="d">2026-04-26</subfield>
    <subfield code="i">93873</subfield>
    <subfield code="o">Cai01.08.06.Ph.D.025.Mo.C</subfield>
    <subfield code="p">01010110093873000</subfield>
    <subfield code="r">2026-04-26 12:41:36</subfield>
    <subfield code="w">2026-04-26</subfield>
    <subfield code="y">TH</subfield>
  </datafield>
</record>
